书目信息 |
| 题名: |
豪宅营销的十大创新思维
|
|
| 作者: | 唐安蔚 著 | |
| 分册: | ||
| 出版信息: | 北京 中国建筑工业出版社 2020 |
|
| 页数: | 236页 | |
| 开本: | 23cm | |
| 丛书名: | ||
| 单 册: | ||
| 中图分类: | F293.352 , F293.35 | |
| 科图分类: | ||
| 主题词: | 住宅--市场营销学 | |
| 电子资源: | ||
| ISBN: | 978-7-112-25159-9 | |
| 000 | 01056nam0 2200229 450 | |
| 001 | 2272877034 | |
| 005 | 20221012201501.45 | |
| 010 | @a978-7-112-25159-9@b精装@dCNY158.00 | |
| 100 | @a20200928d2020 em y0chiy50 ea | |
| 101 | 0 | @achi |
| 102 | @aCN@b110000 | |
| 105 | @aak z 000yy | |
| 200 | 1 | @a豪宅营销的十大创新思维@9hao zhai ying xiao de shi da chuang xin si wei@f唐安蔚著 |
| 210 | @a北京@c中国建筑工业出版社@d2020 | |
| 215 | @a236页@c彩图,照片@d23cm | |
| 330 | @a别墅和高端公寓作为住宅价值链上的终端产品,以其无可取代的资源私有化和严苛的产品细节得到了高端客群的垂青。其对应的细分市场与普通住宅有很大的不同,作者依托于16年营销实践经验,总结近万公里豪宅之行心得体会,向优秀的豪宅学习思维模式,深度剖析热销豪宅隐藏逻辑,寻找新时期下豪宅突围之道。这个世界早已进入精细化时代,豪宅营销更需要将精细化融入我们的血液,以匠心精神雕琢豪宅的价值,不辜负每一寸土地,不辜负客户的期待。 | |
| 606 | 0 | @a住宅@x市场营销学 |
| 690 | @aF293.352@v5 | |
| 690 | @aF293.35@v4 | |
| 701 | 0 | @a唐安蔚@9tang an wei@4著 |
| 801 | 0 | @aCN@b91MARC@c20200928 |
| 905 | @aZUCC@dF293.35@e9 | |
| 豪宅营销的十大创新思维/唐安蔚著.-北京:中国建筑工业出版社,2020 |
| 236页:彩图,照片;23cm |
| ISBN 978-7-112-25159-9(精装):CNY158.00 |
| 别墅和高端公寓作为住宅价值链上的终端产品,以其无可取代的资源私有化和严苛的产品细节得到了高端客群的垂青。其对应的细分市场与普通住宅有很大的不同,作者依托于16年营销实践经验,总结近万公里豪宅之行心得体会,向优秀的豪宅学习思维模式,深度剖析热销豪宅隐藏逻辑,寻找新时期下豪宅突围之道。这个世界早已进入精细化时代,豪宅营销更需要将精细化融入我们的血液,以匠心精神雕琢豪宅的价值,不辜负每一寸土地,不辜负客户的期待。 |
| ● |
| 相关链接 |
|
|
|
正题名:豪宅营销的十大创新思维
索取号:F293.35/9
 
预约/预借
| 序号 | 登录号 | 条形码 | 馆藏地/架位号 | 状态 | 备注 |
| 1 | 2000914120 | 2000914120 | 第三书库/ [索取号:F293.35/9] | 在馆 | |
| 2 | 2000914121 | 2000914121 | 第三书库/ [索取号:F293.35/9] | 在馆 | |
| 3 | 2000914122 | 2000914122 | 第三书库/ [索取号:F293.35/9] | 在馆 |